Asamblea de Socios o Accionistas en las Sociedades Mercantiles 2015

Detalles Bibliográficos
Autor principal: Ruiz Rojas, Reň
Formato: eBook
Lenguaje:español
Publicado: Mx̌ico D.F.: Ediciones Fiscales ISEF, 2015
Materias:
Acceso en línea:Acceso restringido

MARC

LEADER 00000nam a22000007a 4500
005 20150407165630.0
007 cr|||| ||||
008 150407s2015 mx |||||s|||| 00||0 spa d
020 |a 978-368-726-875-8 
035 |a 12633 
040 |a vLex 
090 |c 5387  |d 5387 
100 1 |a Ruiz Rojas, Reň 
245 1 0 |a Asamblea de Socios o Accionistas en las Sociedades Mercantiles 2015  |h [Recurso electrn̤ico] /  |c Ren ̌Ruiz Rojas  
256 |a Servicio en ln̕ea 
260 |a Mx̌ico D.F.:  |b Ediciones Fiscales ISEF,  |c 2015 
300 |a 1 recurso electrn̤ico 
506 1 |a Contenido disponible en los productos indicados  |d vLex Global  |d vLex Global (Academic Edition, excluding Law Schools)  |d vLex Global (U.S. Academic Edition, Law Schools)  |d vLex Global (U.S. Academic Edition, excluding Law Schools)  |d vLex Global (Academic Edition, Law Schools) 
650 0 4 |a Sociedades mercantiles  |z Mx̌ico 
650 0 4 |a Sociedades  |x Relaciones con los accionistas  |z Mx̌ico 
740 0 |a vLex Libros (Servicio en ln̕ea) 
856 4 0 |u http://vlex.com/source/asamblea-socios-accionistas-sociedades-mercantiles-2015-12633  |z Acceso restringido 
942 |c BOOK 
999 0 |a Corporations 
999 0 |a Corporations--Investor relations